000 00578nam a2200193Ia 4500
003 IN-BaIIA
008 211028s9999 xx 000 0 eng d
020 _a0-521-29180-1
040 _cIIA Library
080 _a521.9
_bSMA
100 _aSmart, W M
_91092
245 2 _aA textbook on spherical astronomy
_cW. M. Smart
250 _a6th ed.
260 _aCambridge
_bCambridge University Press
_c1977
300 _axii, 428p.
650 _aAstronomy and Astrophysics Thesaurus
650 _aSpherical Astronomy
942 _cBK
999 _c15577
_d15577